| 000 | 00000nam##2200000za#4500 |
| 001 | 9.572891 |
| 003 | CaOODSP |
| 005 | 20210624183434 |
| 007 | cr ||||||||||| |
| 008 | 150406|1996||||xxc|||||o f|0| 0 eng|d |
| 040 | |aCaOODSP|beng |
| 043 | |an-cn--- |
| 086 | 1 |aSC94-62/17-1996E-PDF |
| 110 | 1 |aCanada.|bCanadian Centre for Management Development. |
| 245 | 10|aSpecial operating agencies : |h[electronic resource]|bmanagement advisory boards : role and operations / |c[by] E. Jane Newcombe. |
| 260 | |aOttawa - Ontario : |bCanadian Centre for Management Development |cc1996. |
| 300 | |a61p.|breferences |
| 490 | 1 |aManagement practices|vNo. 17 |
| 500 | |aThe catalogue number (SC94-62/17-1996) and ISBN (0-662-62552-8) for the bilingual print edition have been incorrectly copied in this electronic publication. |
| 590 | |a12-09-Supp|b2012-03-21 |
| 690 | 07|aFederal institutions|2gcpds |
| 690 | 07|aManagement|2gcpds |
| 690 | 07|aPublic service|2gcpds |
| 720 | 1 |aNewcombe, E. Jane |
| 775 | 08|tOrganismes de service spéciaux : |w(CaOODSP)9.603138 |
| 776 | 0#|tSpecial Operating Agencies : |w(CaOODSP)9.527664 |
| 776 | 0#|tOrganismes de service spéciaux : |w(CaOODSP)9.527665 |
| 830 | #0|aManagement practices ;|vNo. 17|w(CaOODSP)9.506783 |
| 856 | 40|ahttp://publications.gc.ca|qPDF|s266 KB|uhttps://publications.gc.ca/collections/Collection/SC94-62-17-1996E.pdf|yNo. 17 |